My family guy character favourite - Statistics

General Stats
  • This quiz has been taken 27 times
  • The average score is 9 of 16
Answer Stats
Hint Answer % Correct
White dog Brian
100%
Baby Stewie
92%
Orange hair Lois
84%
Mayor of the town Adam west
80%
Glass fat Peter
76%
Pirate Sheamus
64%
Boss Angela
60%
Color pink or purple Meg
60%
News companion with Joyce and Diane Tom Tucker
60%
Mayor ‘s wife Carol west
56%
Replace Diane Joyce
56%
Dog no longer griffin Vinny
48%
Shop guy Carl
32%
Deceased by Diane Muriel Goldman
24%
Who get presumably dead by heart attack Mr.Weed
16%
Died by drowning Diane Simmons
8%
No matching quizzes found
Score Distribution
Percent of People with Each Score
Percentile by Number Answered
Your Score History
You have not taken this quiz